| 000 | 00494nam a22001817a 4500 | ||
|---|---|---|---|
| 003 | OSt | ||
| 005 | 20140310182516.0 | ||
| 008 | 130808t xxu||||| |||| 00| 0 eng d | ||
| 020 | _a9788184486902 | ||
| 050 |
_aRM 746 _b.G977 2009 |
||
| 100 |
_aLC Gupta _99170 |
||
| 245 |
_aAbdominal imaging: _bstep by step / _cLC Gupta |
||
| 260 |
_aNew Delhi: _bJaypee pub. _cc2009. |
||
| 300 |
_a534 p. : _bill. ; _c18 cm. |
||
| 650 |
_aX Ray and Sonography _99171 |
||
| 942 |
_2lcc _cSSLC |
||
| 999 |
_c13960 _d13960 |
||